00823nam a2200205Ia 4500008004100000020001800041040001800059041000800077245008400085260006500169300002700234490004100261504004700302650002400349650002300373650002700396700003300423710009100456711007000547130821s2010 ck a gr spa  a9789587380651 aCo-BoUCMbspa00aspa03aEl derecho aduanero en el siglo XXIceditor académico, Germán Pardo Carrero aBogotá (Colombia)bEditorial Universidad del Rosarioc2010 a661 páginasbcuadros 0aColección Textos de Jurisprudencia aIncluye bibliografía e índice general.04aAranceles de aduana04aDerecho tributario04aLegislación aduanera1 aPardo Carrero, Germáneed.2 aUniversidad Colegio Mayor de Nuestra Señora del Rosario.bFacultad de Jurisprudencia22aEl derecho aduanero en el siglo XXI (d2009 mar. 18-20cBogotá)